000 00261nam a2200097Ia 4500
001 1228974
005 20250827093052.0
008 250824s9999 xx 000 0 und d
245 0 _aALTIN ARI
_cTONY ABBOTT
260 _bALTIN KİTAPLAR YAYINLARI
999 _c1228974
_d1228974